“Chama Viva de Amor”: elementos de poética e mística em João da Cruz ("Living Flame of Love": elements of poetical and mysticism in John of the Cross) - DOI: 10.5752/P.2175-5841.2009v7n14p114

The present article is placed in the isthmus of Literature and Religion, and consists of a study of the language that is present in the work of João da Cruz entitled “Chama viva de amor” (Living flame of love), using, for such purpose, some of the Literary Criticism’s resources. This work had its po...

Full description

Saved in:  
Bibliographic Details
Main Author: Souza, Carlos Frederico Barboza de (Author)
Format: Electronic Article
Language:Portuguese
Check availability: HBZ Gateway
Interlibrary Loan:Interlibrary Loan for the Fachinformationsdienste (Specialized Information Services in Germany)
Published: 2009
In: Horizonte
Year: 2009, Volume: 7, Issue: 14, Pages: 114-135
Further subjects:B Mística
B Mysticism
B João da Cruz
B linguagem mística
B teologia negativa
B mystical language
B John of the Cross
B Negative Theology
Online Access: Volltext (kostenfrei)
Volltext (kostenfrei)

MARC

LEADER 00000caa a22000002c 4500
001 1938505093
003 DE-627
005 20251220055719.0
007 cr uuu---uuuuu
008 251016s2009 xx |||||o 00| ||por c
024 7 |a 10.5752/P.2175-5841.2009v7n14p114  |2 doi 
035 |a (DE-627)1938505093 
035 |a (DE-599)KXP1938505093 
040 |a DE-627  |b ger  |c DE-627  |e rda 
041 |a por 
084 |a 0  |a 1  |2 ssgn 
100 1 |a Souza, Carlos Frederico Barboza de  |e VerfasserIn  |4 aut 
245 1 0 |a “Chama Viva de Amor”: elementos de poética e mística em João da Cruz ("Living Flame of Love": elements of poetical and mysticism in John of the Cross) - DOI: 10.5752/P.2175-5841.2009v7n14p114 
264 1 |c 2009 
336 |a Text  |b txt  |2 rdacontent 
337 |a Computermedien  |b c  |2 rdamedia 
338 |a Online-Ressource  |b cr  |2 rdacarrier 
520 |a The present article is placed in the isthmus of Literature and Religion, and consists of a study of the language that is present in the work of João da Cruz entitled “Chama viva de amor” (Living flame of love), using, for such purpose, some of the Literary Criticism’s resources. This work had its poem written between 1582-1584, and its comments, in 1585/86 (first writing) and 1591 (second writing). It is a text that, as much as in its poetics dimension as in its prose, pictures some of the mystic’s method of working with the language when trying to communicate their ineffable experience: that is, deconstruct it and reconstruct it so that it can communicate something from the experienced. Aiming at that purpose, after a brief introduction to the life and work of João da Cruz, the study will approach the structure and the main themes present in the aforementioned work. Furthermore, some of the linguistics resources used by João da Cruz will be presented, such as neologisms and archaisms, concepts resignification, the use of polysemy of many words, the strong presence of metaphors and symbols, and a special way of working the spatial-temporal accounts and the rational logics. 
520 |a O presente artigo se encontra na interface entre literatura e religião e trata-se de um estudo da linguagem presente na obra de João da Cruz intitulada “Chama viva de amor”, utilizando-se, para tal, de alguns recursos da crítica literária. Esta obra teve a redação de seu poema realizada entre os anos de 1582-1584 e de seus comentários nos anos de 1585/86 (primeira redação) e 1591 (segunda redação). É um texto que, tanto em sua dimensão poética quanto em sua prosa, retrata algumas das especificidades da forma do místico trabalhar com a linguagem ao tentar traduzir sua experiência “inefável”: ou seja, desconstrói e a reconstrói para que seja capaz de comunicar algo do vivido. Com vistas a atingir este objetivo, após uma breve introdução à vida e a obra joãocruciana, abordar-se-á brevemente a estrutura e as principais temáticas presentes na obra supracitada. A seguir, apresentar-se-á alguns dos recursos lingüísticos utilizados por João da Cruz, tais como o uso de paradoxos, antíteses e antônimos com freqüência, neologismos e arcaísmos, ressignificações de conceitos, aproveitamento da polissemia de muitos vocábulos, a forte presença de metáforas e símbolos e uma forma particular de lidar com os registros espaço-temporais e a lógica racional. 
601 |a Element 
650 4 |a mystical language 
650 4 |a Mysticism 
650 4 |a Negative Theology 
650 4 |a John of the Cross 
650 4 |a linguagem mística 
650 4 |a Mística 
650 4 |a teologia negativa 
650 4 |a João da Cruz 
773 0 8 |i Enthalten in  |t Horizonte  |d Belo Horizonte : [Verlag nicht ermittelbar], 1997  |g 7(2009), 14, Seite 114-135  |h Online-Ressource  |w (DE-627)647305445  |w (DE-600)2595259-6  |w (DE-576)337893861  |x 2175-5841  |7 nnas 
773 1 8 |g volume:7  |g year:2009  |g number:14  |g pages:114-135 
856 4 0 |u https://doi.org/10.5752/P.2175-5841.2009v7n14p114  |x Resolving-System  |z kostenfrei  |3 Volltext  |7 0 
856 4 0 |u https://periodicos.pucminas.br/horizonte/article/view/P.2175-5841.2009v7n14p114  |x Verlag  |z kostenfrei  |3 Volltext  |7 0 
935 |a mteo 
951 |a AR 
ELC |a 1 
LOK |0 000 xxxxxcx a22 zn 4500 
LOK |0 001 4788553481 
LOK |0 003 DE-627 
LOK |0 004 1938505093 
LOK |0 005 20251016055614 
LOK |0 008 251016||||||||||||||||ger||||||| 
LOK |0 035   |a (DE-Tue135)IxTheo#2025-09-08#60D2C54B6343C03DD27A3CCEC2861A51F7E7D13B 
LOK |0 040   |a DE-Tue135  |c DE-627  |d DE-Tue135 
LOK |0 092   |o n 
LOK |0 852   |a DE-Tue135 
LOK |0 852 1  |9 00 
LOK |0 935   |a ixrk  |a ixzs  |a zota 
LOK |0 939   |a 16-10-25  |b l01 
OAS |a 1 
ORI |a SA-MARC-ixtheoa001.raw 
REL |a 1 
SUB |a REL